[Event "BL 2018-19"]
[Site "Berlin"]
[Date "2019.03.03"]
[Round "11.14"]
[White "Werle, Jan"]
[Black "Stopa, Jacek"]
[Result "1/2-1/2"]
[WhiteElo "2528"]
[BlackElo "2431"]
[Annotator "TA"]
[PlyCount "103"]
[EventDate "2018.11.10"]
[EventType "team-tourn"]
[EventCountry "GER"]
[SourceTitle "playchess.com"]
[Source "ChessBase"]
[SourceQuality "1"]
[WhiteTeam "Werder Bremen"]
[BlackTeam "Kiel"]

{[%evp 16,103,25,17,32,32,32,31,31,31,38,22,26,16,56,46,53,51,50,44,67,50,79,56,66,37,72,40,41,20,26,12,29,0,0,0,0,0,0,0,0,0,0,0,0,0,0,0,0,0,0,-708,-12,-25,-17,-17,0,0,0,-295,-246,-254,-237,-215,-215,-224,-12,-79,0,-108,0,0,0,0,0,0,0,0,0,0,0,0,0,0,0,0,0,0,0,0]} 1. d4 e6 2. c4 f5 3. Nf3 Nf6 4. g3 d5 5. Bg2 c6 6. O-O Bd6 7. b3 Qe7 8. a4 O-O 9. Ba3 {LiveBook: 74 Games} Bd7 {A90: Dutch Defence: Miscellaneous and Modern Stonewall (with ...Bd6)} (9... Bxa3 10. Nxa3 b6 11. Qc1 Bb7 12. Nc2 a5 13. Qa3 Qxa3 14. Rxa3 Na6 15. Ne5 Rfc8 16. Rd1 Kf8 17. Raa1 {½-½ (43) Vachier Lagrave,M (2745)-Radjabov,T (2713) Beijing 2013}) 10. e3 Be8 11. Bxd6 $146 ({Predecessor:} 11. Qc1 Bh5 12. Nfd2 Nbd7 13. Bxd6 Qxd6 {1-0 (36) Panzalovic,S (2429)-Pritz,T Germany 2004}) 11... Qxd6 {White is slightly better.} 12. Nbd2 {[%cal Bb1d2,Bd2f3,Bf3e5][%mdl 32]} Bh5 13. Qc2 Bxf3 14. Nxf3 Ne4 15. Ne5 Nd7 16. Nd3 Qe7 17. Rfe1 Qf6 18. Qb2 Rad8 19. Re2 h5 20. f3 Ng5 21. Kh1 Qh6 22. cxd5 exd5 23. f4 Ne4 24. Bxe4 dxe4 25. Ne5 Nxe5 26. fxe5 h4 27. Rg1 hxg3 28. Reg2 gxh2 ({Don't blunder} 28... Qxe3 $2 29. Rxg3 Qh6 30. e6 $1 $18 {[%mdl 512]}) 29. Rxg7+ Qxg7 30. Rxg7+ Kxg7 $11 {[%mdl 4096] Endgame KQ-KRR} 31. Qg2+ Kf7 32. Qg5 Ke6 33. b4 $2 {[%mdl 8192] [#]} (33. Qg7 $11 c5 34. Qxb7 (34. dxc5 $2 Rh8 $19) 34... cxd4 35. exd4 Rxd4 36. Qc6+ Kf7 37. Qf6+ Ke8 38. Qc6+ Kf7 39. Qf6+ Ke8 40. Qc6+ Kf7) 33... Kd5 $2 (33... f4 $1 $19 {Strongly threatening ...f3.} 34. exf4 Rh8 35. f5+ Kd5) 34. Qg2 {[%cal Rg2a2]} Kc4 35. Qc2+ Kxb4 {...Rh8 is the strong threat.} 36. Qb2+ Kc4 {aiming for ...Rh8.} 37. Qxb7 $2 {[%mdl 8192]} (37. Qc2+ $11 {and White is okay.} Kb4 38. Kxh2) 37... Rh8 {And now ...Rdg8 would win.} 38. Qxc6+ Kd3 39. Qb5+ Kxe3 40. Qf1 Kxd4 $2 (40... Rc8 $19 41. e6 Rhg8 42. Qe1+ Kxd4 43. Kxh2 Rg6) 41. Qxf5 {[#]} e3 (41... Rc8 $1 $17 {[%cal Rc8c1]} 42. Qd7+ Kc4 43. Qxa7 Rcd8 44. Qa6+ Kd5) 42. Qf1 {[#]} (42. Qc2 $11 {remains equal.}) 42... Rc8 (42... Kxe5 43. Qb5+ Kd4 44. Qb2+ Ke4 45. Qb1+ Kf3 46. Qb7+ Kf2 47. Qb2+ e2 48. Qf6+ Ke3 49. Qe5+ Kd3 50. Qb5+ Kd2 51. Qb2+ Ke1 52. Qc3+ Kf2 53. Qf6+ Kg3 54. Qe5+ Kf2 55. Qf6+ $15) (42... Rhg8 $1 $17 {[%cal Rg8g1] ( -> ...Rg1+)} 43. Qf4+ Kd3 44. Qf5+ Kc3) 43. e6 {[#]The position is equal.} e2 $1 {[%cal Re2f1]} 44. Qf4+ (44. Qxe2 Rc1+) 44... Kd3 45. Qf3+ Kd2 46. Qf4+ Kc2 47. Qe3 Kd1 (47... Kb1 $5 48. Qb3+ $8 Kc1 49. Qe3+ Kd1 50. Qd4+ Ke1 51. Qb4+ Kd1 52. Qd4+ Ke1 53. Qb4+ Kd1 54. Qd4+ $11) 48. Qd4+ Ke1 {Threatens to win with ...Rhd8.} 49. Qb4+ Kd1 (49... Kf1 $5 50. Qf4+ $8 Ke1 $11) 50. Qd4+ Kc2 51. Qe3 Kd1 (51... Kb1 $5 52. Qb3+ $8 Ka1 53. Qa3+ Kb1 54. Qb3+ Kc1 55. Qe3+ Kd1 56. Qd4+ $11) 52. Qd4+ {Precision: White = 67%, Black = 48%.} 1/2-1/2

[Event "BL 2018-19"]
[Site "Berlin"]
[Date "2019.03.03"]
[Round "11.14"]
[White "Keymer, Vincent"]
[Black "Saric, Ivan"]
[Result "1/2-1/2"]
[WhiteElo "2502"]
[BlackElo "2692"]
[Annotator "TA"]
[PlyCount "119"]
[EventDate "2018.11.10"]
[EventType "team-tourn"]
[EventCountry "GER"]
[SourceTitle "playchess.com"]
[Source "ChessBase"]
[SourceQuality "1"]
[WhiteTeam "SF Deizisau"]
[BlackTeam "Hockenheim"]

{[%evp 29,119,16,9,13,8,10,12,7,18,20,43,39,37,43,50,45,52,16,16,13,33,25,34,24,23,13,11,0,0,-1,0,0,-15,-110,-108,-82,-28,-55,0,0,0,0,0,0,0,0,0,0,0,0,0,0,0,0,0,0,0,0,7,0,0,0,0,0,0,0,8,8,8,8,8,8,8,8,8,8,8,0,0,0,8,0,0,0,0,0,0,0,0,0,0,0]} 1. d4 Nf6 2. c4 e6 3. Nf3 d5 4. Nc3 c6 5. e3 Nbd7 6. Qc2 Bd6 7. Bd3 O-O 8. O-O dxc4 9. Bxc4 b5 10. Be2 Bb7 11. a3 Re8 {D46: Semi-Slav: 5 e3 Nbd7 6 Bd3, Black avoids the Meran} (11... a6 12. e4 e5 13. dxe5 Nxe5 14. Nd4 g6 15. Bg5 c5 16. Nf3 Nxf3+ 17. Bxf3 Be5 18. Rfd1 Qc7 19. h4 {1-0 (59) Cori Tello,J (2659)-Mareco,S (2643) Montevideo 2018}) 12. Rd1 Qb8 13. e4 e5 14. g3 a6 15. dxe5 Nxe5 {LiveBook: 3 Games} 16. Bg5 Nxf3+ 17. Bxf3 Be5 18. Rac1 h6 19. Be3 c5 20. Nd5 $146 ({Predecessor:} 20. Bxc5 Bxc3 21. Qxc3 Nxe4 22. Bxe4 Bxe4 {½-½ (44) Maric,A (2405)-Vajda,S (2375) Novi Sad 2009}) 20... Nxd5 21. exd5 c4 22. b3 Rc8 23. bxc4 (23. Qe4 $5 {[%cal Rb3c4]}) 23... Rxc4 24. Qb3 Ra4 25. Bc5 Bd6 26. Qe3 Qf8 27. Bg2 Rd8 28. h4 Bc8 29. Re1 Bd7 30. Bxd6 $1 Qxd6 31. Qe7 (31. Rc3 $11) 31... Qxe7 $17 32. Rxe7 Kf8 (32... Rxa3 $17 {Strongly threatening ...Kf8.} 33. Rc7 Ra1+ 34. Kh2 Be8) 33. Re3 $11 Re8 ({Better is} 33... Rc8 $15 34. Rd1 Rac4) 34. Rc7 {The position is equal.} Rxe3 35. fxe3 {[%mdl 4096] Endgame KRB-KRB} Ke8 36. d6 Rxa3 {[#] White must now prevent ...Rd3.} 37. Ra7 $1 {[%cal Ra7a8] Threatening mate with Ra8+.} Rc3 ({Not} 37... Rxe3 $2 38. Ra8+ Bc8 39. Bc6+ (39. Rxc8+ Kd7 $16) 39... Kd8 40. d7 $18) 38. Rxa6 Rc1+ 39. Kh2 f5 40. g4 fxg4 41. Bd5 Rc2+ 42. Kg3 Rc3 43. Kf4 {aiming for e4.} g3 44. Ra8+ Rc8 {[#] And now ...Rxa8 would win.} 45. Ra7 Rc3 46. Ra8+ Rc8 {Hoping for ...Rxa8.} 47. Ra2 Rc5 48. e4 b4 49. Ra8+ Rc8 $132 {[%mdl 2048] Black is fighting back} 50. Rxc8+ Bxc8 51. Kxg3 {Threatens to win with Kf4. KB-KB} g5 52. hxg5 hxg5 53. Kf3 Bh3 54. Kg3 Bc8 55. Bb3 Kd7 56. e5 Kc6 57. Kf3 Bf5 58. Ke3 $1 Kd7 59. Ba4+ $1 Kd8 60. Bb3 {Precision: White = 72%, Black = 74%.} 1/2-1/2

[Event "BL 2018-19"]
[Site "Berlin"]
[Date "2019.03.03"]
[Round "11.15"]
[White "Ponomariov, Ruslan"]
[Black "Donchenko, Alexander"]
[Result "1/2-1/2"]
[WhiteElo "2665"]
[BlackElo "2607"]
[Annotator "TA"]
[PlyCount "41"]
[EventDate "2018.11.10"]
[EventType "team-tourn"]
[EventCountry "GER"]
[SourceTitle "playchess.com"]
[Source "ChessBase"]
[SourceQuality "1"]
[WhiteTeam "Hockenheim"]
[BlackTeam "SF Deizisau"]

{[%evp 16,41,64,68,55,35,53,43,41,44,56,59,56,49,41,54,44,43,45,49,66,31,44,45,140,141,158,76]} 1. d4 Nf6 2. c4 e6 3. Nf3 c5 4. d5 d6 5. Nc3 exd5 6. cxd5 g6 7. h3 a6 8. a4 Qe7 9. Bf4 Bg7 {A61: Modern Benoni: Nf3 without early e4} 10. e3 Nbd7 11. Be2 O-O {White is slightly better.} 12. O-O Rb8 13. Re1 Ne8 14. e4 (14. Bf1 Nc7 15. Qd2 h6 16. Bg3 g5 17. e4 f6 18. a5 {0-1 (65) Sanikidze,T (2507)-Indjic,A (2620) St Petersburg 2018}) 14... Ne5 15. Nxe5 Bxe5 16. Qd2 Nf6 17. Bf1 $146 ({Predecessor:} 17. Bxe5 Qxe5 18. Bf1 {0-1 (41) Gatto,C (2144)-Kregelin,J (2295) ICCF email 2010}) 17... Re8 18. Rad1 Bd4 19. b4 {Strongly threatening bxc5.} Nh5 {[#]} (19... b6 $14) 20. Bh2 $1 $16 b6 {[#]} 21. b5 {Accuracy: White = 72%, Black = 46%.} (21. e5 $142 $1) 1/2-1/2

[Event "BL 2018-19"]
[Site "Berlin"]
[Date "2019.03.03"]
[Round "11.15"]
[White "Hoi, Carsten"]
[Black "Markgraf, Alexander"]
[Result "1/2-1/2"]
[WhiteElo "2380"]
[BlackElo "2489"]
[Annotator "TA"]
[PlyCount "105"]
[EventDate "2018.11.10"]
[EventType "team-tourn"]
[EventCountry "GER"]
[SourceTitle "playchess.com"]
[Source "ChessBase"]
[SourceQuality "1"]
[WhiteTeam "Kiel"]
[BlackTeam "Werder Bremen"]

{[%evp 9,105,6,5,0,0,-32,-19,-27,-18,-32,-32,-24,-25,-20,-8,-30,-37,-18,-17,-20,-20,-45,-48,-59,-47,-82,-89,-101,-90,-221,-75,-97,-35,-25,-40,-33,-24,-18,-18,-29,0,-33,0,-5,17,10,10,-38,0,-168,-168,-165,-170,-296,0,0,0,0,18,8,20,16,14,16,16,0,16,0,0,0,0,0,0,0,0,0,0,0,0,0,0,0,0,0,0,0,0,0,0,0,0,0,0,0,0,0,0,0]} 1. d4 f5 2. Nf3 Nf6 3. Bg5 e6 4. Nbd2 Be7 5. c3 O-O 6. Qc2 {A80: Dutch Defence: Unusual White second moves} d5 7. Bxf6 Bxf6 8. e3 c5 9. h3 Qc7 $146 ({Predecessor:} 9... Nc6 10. g4 b6 11. Bb5 Qc7 12. O-O-O a6 13. Bxc6 Qxc6 {1-0 (37) Hoi,C (2354)-Semcesen,D (2483) Denmark 2018}) 10. g4 cxd4 11. exd4 Nc6 {[%cal Bb8c6,Bc6a5,Ba5c4][%mdl 32]} 12. Bd3 Qf4 13. O-O-O Bd7 {Hoping for ...Rac8.} 14. Kb1 Rfc8 15. Qb3 b5 16. gxf5 ({Don't go for} 16. Qxb5 $2 Ne5 $19) 16... Na5 17. Qb4 Nc4 18. fxe6 Bxe6 19. Qb3 {[#]} (19. Qxb5 $2 Na3+ $1 {[%mdl 512]} 20. bxa3 Rab8 $19) (19. Ka1 $17 Rab8 20. Bxc4 bxc4 21. Qa5) 19... Rab8 (19... b4 $1 $19 {[%mdl 512]} 20. cxb4 (20. Qxb4 Rab8) 20... a5 21. bxa5 Rcb8 22. Bxc4 Rxb3 23. Bxb3 Rxa5) 20. Ka1 b4 (20... Nxd2 $17 21. Nxd2 b4 22. cxb4 Qxd4) 21. cxb4 $15 {[#]} Na5 $1 {[%mdl 512]} 22. Qa3 (22. bxa5 Rxb3) 22... Nc6 23. b5 Nxd4 24. Nxd4 Bxd4 25. Nb3 Bb6 26. Rhe1 $132 {[%mdl 2048] White is fighting back} Re8 27. Nc5 Bf7 28. Rg1 Qxf2 29. Nd7 $2 (29. Qc3 $1 $11 {and White has nothing to worry.} g6 30. Nd7) 29... Qxg1 $19 30. Rxg1 Bxg1 31. Qb4 (31. Nxb8 $2 Re1+ 32. Bb1 Bg6 $19) (31. Bb1 {only move.} Rb7 32. Nf6+ gxf6 33. Qg3+ Bg6 34. Bxg6) 31... Rbc8 $2 {[#]} (31... Rb7 $19 32. Nc5 Bxc5 33. Qxc5 Re1+ 34. Bb1 Rbe7) 32. Nf6+ $1 $11 {[%mdl 512] The position is equal.} gxf6 33. Qg4+ Kh8 {( -> ...Re1+)} 34. Qxg1 Rg8 $1 {[%cal Rg8g1]} 35. Qf1 ({Avoid the trap} 35. Qxa7 $2 Rc1+ 36. Bb1 Rgg1 $19) 35... Kg7 $1 36. b3 {And now Qg1+ would win.} Bg6 37. Kb2 Rge8 38. a4 Re3 39. Bxg6 $1 hxg6 {[%mdl 4096] Endgame KQ-KRR} 40. Qd1 Rd8 41. Qd4 Re2+ 42. Ka3 Rd7 43. Qg4 Rde7 44. Qd4 Rd7 45. Qg4 Ree7 46. h4 $1 d4 {...d3 is the strong threat.} 47. h5 $1 g5 48. Qf5 Rf7 {aiming for ...d3.} 49. Qg6+ Kf8 50. h6 d3 {[#] Strongly threatening ...d2.} 51. h7 $1 {[%mdl 512]} Rxh7 {White must now prevent ...Rhf7.} 52. Qxf6+ Ke8 {Threatens to win with ...d2.} 53. Qg6+ {Accuracy: White = 53%, Black = 66%.} 1/2-1/2

[Event "BL 2018-19"]
[Site "Berlin"]
[Date "2019.03.03"]
[Round "11.16"]
[White "Kollars, Dmitrij"]
[Black "Howell, David W L"]
[Result "1/2-1/2"]
[WhiteElo "2542"]
[BlackElo "2693"]
[Annotator "TA"]
[PlyCount "51"]
[EventDate "2018.11.10"]
[EventType "team-tourn"]
[EventCountry "GER"]
[SourceTitle "playchess.com"]
[Source "ChessBase"]
[SourceQuality "1"]
[WhiteTeam "SF Deizisau"]
[BlackTeam "Hockenheim"]

{[%evp 20,51,14,10,41,0,5,5,9,0,0,0,0,0,0,-5,-3,-5,-5,-5,-5,-5,0,0,-3,-4,0,0,7,0,0,0,0,-5]} 1. e4 c6 2. Nc3 d5 3. Nf3 g6 4. d4 Bg7 5. h3 dxe4 6. Nxe4 Nf6 7. Nxf6+ exf6 8. Bd3 O-O 9. O-O Na6 {B15: Caro-Kann: 3 Nc3: 3...g6 and 3...dxe4 4 Nxe4 Nf6 5 Nxf6+ exf6} 10. c3 Nc7 11. Re1 {LiveBook: 5 Games} b6 $146 ({Predecessor:} 11... Ne6 12. a4 a5 13. Bc4 Nc7 14. Nh2 f5 15. Nf3 Nd5 16. Bg5 Qd6 17. Qd2 {½-½ (60) Paehtz,E (2513)-Howell,D (2689) Douglas 2018}) 12. a4 a5 {The position is equal.} 13. Bf4 Nd5 14. Qd2 Be6 15. Re2 Nxf4 16. Qxf4 Qb8 17. Qxb8 Raxb8 18. Nd2 Bh6 19. Bc4 Bxd2 20. Bxe6 fxe6 21. Rxd2 $11 {KRR-KRR} Rfd8 22. Kf1 Kf7 23. Ke2 Rd6 24. Ke3 Rbd8 25. f4 Ke7 26. Ke4 {Precision: White = 58%, Black = 72%.} 1/2-1/2

[Event "BL 2018-19"]
[Site "Berlin"]
[Date "2019.03.03"]
[Round "11.16"]
[White "Grigorian, Spartak"]
[Black "Olsen, Filip Boe"]
[Result "1-0"]
[WhiteElo "2391"]
[BlackElo "2335"]
[Annotator "NA"]
[PlyCount "63"]
[EventDate "2018.11.10"]
[EventType "team-tourn"]
[EventCountry "GER"]
[SourceTitle "playchess.com"]
[Source "ChessBase"]
[SourceQuality "1"]
[WhiteTeam "Werder Bremen"]
[BlackTeam "Kiel"]
[TimeControl "40/6000+30:3000+30"]

1. d4 {[%emt 0:00:00]} Nf6 {[%emt 0:00:00]} 2. c4 {[%emt 0:00:00]} e6 {[%emt 0:00:00]} 3. Nf3 {[%emt 0:00:00]} d5 {[%emt 0:00:17]} 4. Nc3 {[%emt 0:00:00]} c6 {[%emt 0:00:16]} 5. e3 {[%emt 0:00:58]} Nbd7 {[%emt 0:00:42]} 6. Qc2 {[%emt 0:00:51]} Bd6 {[%emt 0:00:40]} 7. Bd3 {[%emt 0:00:47]} O-O {[%emt 0:00:17]} 8. O-O {[%emt 0:00:03]} dxc4 {[%emt 0:05:40]} 9. Bxc4 {[%emt 0:00:11]} b5 {[%emt 0:00:33]} 10. Be2 {[%emt 0:00:42]} Bb7 {[%emt 0:00:44]} 11. e4 {[%emt 0:00:12]} e5 {[%emt 0:00:26]} 12. dxe5 {[%emt 0:00:08]} Nxe5 {[%emt 0:00:36]} 13. Nh4 {[%emt 0:01:39]} Re8 {[%emt 0:09:13]} 14. Nf5 {[%emt 0:00:33]} Bf8 {[%emt 0:00:54]} 15. Bg5 {[%emt 0:02:23]} a6 {[%emt 0:12:37]} 16. Bxf6 {[%emt 0:07:42]} gxf6 {[%emt 0:11:14]} 17. a4 {[%emt 0:08:35]} Qb6 {[%emt 0:09:26]} 18. Nd1 {[%emt 0:22:34]} Rad8 {[%emt 0:06:28]} 19. Nde3 {[%emt 0:00:29]} Qc5 {[%emt 0:01:48]} 20. Rfc1 {[%emt 0:05:35]} Qb4 {[%emt 0:04:41]} 21. Rd1 {[%emt 0:05:31]} Bc8 {[%emt 0:08:15]} 22. axb5 {[%emt 0:14:49]} axb5 {[%emt 0:01:32]} 23. Ng3 {[%emt 0:01:26]} Be6 {[%emt 0:05:16]} 24. Nh5 {[%emt 0:17:29]} Be7 {[%emt 0:08:08]} 25. Nf5 {[%emt 0:00:49]} Bb3 {[%emt 0:10:55]} 26. Rxd8 {[%emt 0:08:32]} Rxd8 {[%emt 0:00:22]} 27. Nxe7+ {[%emt 0:00:13]} Kf8 {[%emt 0:02:43]} 28. Nxc6 {[%emt 0:00:04]} Nxc6 {[%emt 0:00:27]} 29. Qxc6 {[%emt 0:00:07]} Bd1 {[%emt 0:00:29]} 30. Qxf6 {[%emt 0:01:39]} Qd2 {[%emt 0:02:12]} 31. Qh8+ {[%emt 0:01:50]} Ke7 {[%emt 0:00:51]} 32. Ra7+ {[%emt 0:00:05]} 1-0

[Event "BL 2018-19"]
[Site "Berlin"]
[Date "2019.03.03"]
[Round "11.17"]
[White "Volokitin, Andrei"]
[Black "Ragger, Markus"]
[Result "1-0"]
[WhiteElo "2630"]
[BlackElo "2701"]
[Annotator "TA"]
[PlyCount "97"]
[EventDate "2018.11.10"]
[EventType "team-tourn"]
[EventCountry "GER"]
[SourceTitle "playchess.com"]
[Source "ChessBase"]
[SourceQuality "1"]
[WhiteTeam "SV Hofheim"]
[BlackTeam "Solingen"]

{[%evp 18,97,6,9,8,11,14,14,21,20,18,6,27,0,3,1,8,0,0,0,0,0,0,0,0,0,0,0,34,0,0,0,0,0,0,0,0,0,0,0,0,0,73,52,74,8,16,15,8,12,72,15,72,72,72,72,72,0,0,0,73,70,70,71,70,70,97,122,116,110,1281,1213,1243,1222,1229,1185,1174,1184,1074,916,710,696]} 1. e4 e5 2. Nf3 Nc6 3. Bb5 Nf6 4. O-O Nxe4 5. d4 Nd6 6. Bxc6 dxc6 7. dxe5 Nf5 8. Qxd8+ Kxd8 9. h3 Ke8 10. Nc3 b6 {C67: Ruy Lopez: Berlin Defence: 4 0-0 Nxe4} 11. Rd1 Bb4 12. Ne2 Bb7 {The position is equal.} 13. Ned4 Nxd4 14. Nxd4 Bc5 15. Nf5 Rg8 16. g4 h5 17. Be3 {[#]} Bxe3 $146 18. Nxe3 hxg4 19. hxg4 Ke7 20. f4 c5 21. Kf2 g5 22. Kg3 Ke6 23. f5+ Kxe5 24. Rd7 $1 {[%csl LRc7,LRf7]} Kf6 25. Rxc7 Rge8 26. Re1 Be4 27. Rd1 Rad8 28. Rxd8 Rxd8 29. Rxa7 $11 {[%mdl 4096] Endgame KRB-KRN} Rd2 (29... Bxc2 $1 $11 30. Rb7 (30. Nxc2 Rd3+ 31. Kg2 Rd2+ {[%mdl 64] Double Attack} 32. Kg3 Rxc2 $11) 30... Rd3) 30. Ra6 $16 Re2 $1 {[%cal Re2e3] [#]} 31. Rxb6+ (31. Nc4 $1 $16) 31... Ke5 $11 32. Nc4+ Kd4 33. Nd6 Rg2+ $1 34. Kh3 Rg1 (34... Rf2 $1 $11 {remains equal.}) 35. Nxf7 $16 ({Of course not} 35. c3+ Ke3 $11) 35... Rh1+ 36. Kg3 {Threatens to win with Rd6+.} Rg1+ 37. Kh3 Rh1+ 38. Kg3 {Rd6+ is the strong threat.} Rg1+ 39. Kf2 Rg2+ 40. Kf1 Rxg4 41. f6 Ke3 {[#]} 42. Ne5 $1 {[%cal Re5g4]} Rf4+ 43. Ke1 {Strongly threatening Rb8.} Bxc2 $2 {[%mdl 8192]} (43... Bd5 $16 44. Ra6 Kd4) 44. f7 $18 {White is clearly winning.} Kd4 45. Rb8 Kxe5 46. f8=Q Rxf8 47. Rxf8 g4 48. Kf2 Ke4 49. Rd8 {Accuracy: White = 74%, Black = 59%.} 1-0

[Event "BL 2018-19"]
[Site "Berlin"]
[Date "2019.03.03"]
[Round "11.17"]
[White "Kulaots, Kaido"]
[Black "Piorun, Kacper"]
[Result "0-1"]
[WhiteElo "2551"]
[BlackElo "2634"]
[Annotator "TA"]
[PlyCount "56"]
[EventDate "2018.11.10"]
[EventType "team-tourn"]
[EventCountry "GER"]
[SourceTitle "playchess.com"]
[Source "ChessBase"]
[SourceQuality "1"]
[WhiteTeam "Augsburg"]
[BlackTeam "SF Berlin"]

{[%evp 13,56,12,22,-27,-25,-43,-23,-41,-27,-45,-15,-199,-175,-179,-187,-195,-218,-217,-214,-346,-339,-335,-336,-332,-315,-337,-343,-335,-340,-344,-335,-483,-473,-479,-487,-462,-444,-825,-629,-983,-568,-561,-540,-514,-537]} 1. e4 e5 2. Nf3 Nc6 3. Bb5 g6 4. d4 exd4 5. c3 dxc3 (5... Nge7 6. cxd4 d5 7. exd5 Nxd5 8. O-O Bg7 9. Bxc6+ bxc6 10. Bg5 Qd6 11. Re1+ Be6 12. Nbd2 O-O 13. Ne4 Qb4 14. Qc1 Rfe8 15. Bd2 Qb6 16. Nc5 Bf5 17. Ne5 Rad8 18. h3 Nf6 19. Nb3 Rd5 20. Nxc6 Rxe1+ 21. Bxe1 Bf8 22. Ne5 {1-0 (46) Naiditsch,A (2721)-Nakamura,H (2763) Douglas 2018}) 6. Nxc3 {C60: Ruy Lopez: Unusual Black 3rd moves and 3...g6} h6 7. Bf4 Bg7 {LiveBook: 3 Games} 8. Qc1 $146 {[#] Black must now prevent Nd5.The position is equal.} ({Predecessor:} 8. Qd2 Nge7 9. O-O d6 10. Nd5 Kf8 11. Rac1 Nxd5 12. exd5 Ne7 {0-1 (79) Szostko,J (2262)-Kanarek,M (2505) Bialystok 2017}) 8... d6 9. O-O Nge7 10. Rd1 {Black should prevent e5.} g5 {[%cal Bg6g5,Bg5g4,Bg4f3][%mdl 32]} 11. Bg3 g4 12. Bh4 $2 (12. Nh4 $11) 12... gxf3 $19 13. Nd5 {[#] aiming for Bxe7.} f6 $1 {...0-0 is the strong threat.} 14. Nxf6+ Bxf6 15. Bxf6 Rg8 16. Qxh6 (16. g3 $142) 16... Rxg2+ 17. Kh1 {White wants to play Qh5+.} Be6 18. e5 d5 (18... Kd7 19. Qf4 $19) 19. Qh5+ Kd7 20. Qxf3 Rg8 21. Rac1 ({Don't play} 21. Bxe7 Kxe7 22. Rac1 (22. Bxc6 $2 bxc6 23. Rac1 Qf8 $19) 22... Qf8) 21... Qf8 22. Rc5 (22. Qe3 $142) 22... Qf7 {Black is clearly winning.} 23. Rdc1 a6 24. Ba4 Rac8 25. Bb3 (25. b4 $142) 25... Nd4 26. Qc3 {[%cal Rc5c7]} Nec6 27. Rxc6 Nxc6 ({Stronger than} 27... bxc6 28. Ba4 $11) 28. Ba4 {[%cal Ra4c6]} Ke8 {Precision: White = 28%, Black = 80%.} 0-1

[Event "BL 2018-19"]
[Site "Berlin"]
[Date "2019.03.03"]
[Round "11.18"]
[White "Vocaturo, Daniele"]
[Black "Laznicka, Viktor"]
[Result "1/2-1/2"]
[WhiteElo "2630"]
[BlackElo "2668"]
[Annotator "TA"]
[PlyCount "42"]
[EventDate "2018.11.10"]
[EventType "team-tourn"]
[EventCountry "GER"]
[SourceTitle "playchess.com"]
[Source "ChessBase"]
[SourceQuality "1"]
[WhiteTeam "SF Berlin"]
[BlackTeam "Augsburg"]

{[%evp 21,42,22,16,0,0,0,0,2,12,0,0,0,0,0,20,20,25,12,27,0,37,0,29]} 1. e4 e5 2. Nf3 Nc6 3. Bc4 Bc5 4. c3 Nf6 5. d3 d6 6. Bb3 a6 7. O-O Ba7 8. Nbd2 O-O 9. h3 Re8 10. Re1 Be6 11. Nf1 h6 12. Be3 {C54: Giuoco Piano: 4 c3 Nf6, main lines with 5 d4 and 5 d3} (12. N3h2 d5 13. Qf3 d4 14. Ng3 Bc5 15. Nf5 Bf8 16. Ng4 Nxg4 17. hxg4 Bxb3 18. axb3 Re6 19. Qg3 Be7 20. f4 {0-1 (43) Vocaturo,D (2615)-Karjakin,S (2760) Batumi 2018}) 12... Bxe3 13. Nxe3 Bxb3 14. Qxb3 Qd7 15. Nd5 Nxd5 16. Qxd5 Qe6 17. Qxe6 {[#]} fxe6 $146 18. b4 Kf7 19. a4 Ke7 20. Nd2 Kd7 21. f3 Rf8 1/2-1/2

[Event "BL 2018-19"]
[Site "Berlin"]
[Date "2019.03.03"]
[Round "11.18"]
[White "Van Wely, Loek"]
[Black "Schroeder, Jan-Christian"]
[Result "1/2-1/2"]
[WhiteElo "2622"]
[BlackElo "2571"]
[Annotator "TA"]
[PlyCount "108"]
[EventDate "2018.11.10"]
[EventType "team-tourn"]
[EventCountry "GER"]
[SourceTitle "playchess.com"]
[Source "ChessBase"]
[SourceQuality "1"]
[WhiteTeam "Solingen"]
[BlackTeam "SV Hofheim"]

{[%evp 22,108,14,12,21,29,16,22,20,6,8,10,11,0,14,0,25,22,58,81,58,-6,-12,-14,113,66,67,72,89,81,68,10,52,52,51,51,51,51,58,0,0,0,0,0,0,0,0,0,2,0,9,2,2,0,0,0,0,0,0,0,3,3,6,0,0,0,0,0,0,0,0,0,0,0,0,0,0,0,0,0,0,0,0,0,0,0,0,0,0]} 1. Nf3 d5 2. c4 e6 3. g3 Nf6 4. Bg2 Be7 5. O-O O-O 6. b3 c5 7. Bb2 Nc6 8. e3 b6 9. Nc3 Bb7 10. cxd5 Nxd5 11. Nxd5 Qxd5 12. d4 {[#] aiming for Ne5.} Qf5 {A14: English Opening: 1...e6 with b3 by White} 13. dxc5 {Nd4 is the strong threat.} (13. Ne5 Nxe5 14. Bxb7 Rad8 15. Qe2 Qd3 16. Rae1 Qxe2 17. Rxe2 Nd3 18. Ba1 cxd4 19. Bxd4 Bf6 20. Bxf6 gxf6 {1-0 (99) So,W (2788)-Dominguez Perez,L (2739) Saint Louis 2017}) 13... Rad8 14. Qe2 Bxc5 {[#]} 15. Rac1 $146 ({Predecessor:} 15. Rfd1 Qh5 16. Rxd8 Rxd8 17. Rd1 f6 18. Rxd8+ Nxd8 19. Qd3 Qd5 20. Ne1 Qxd3 21. Nxd3 {½-½ (28) Stefansson,H (2572)-Lysyj,I (2468) Moscow 2004}) 15... Qh5 16. a3 a5 17. Qc4 Rd7 18. g4 Qh6 19. Rfd1 $36 {[%mdl 2048] White fights for an advantage.} Rfd8 20. Rxd7 Rxd7 21. b4 ({White should play} 21. h4 $14) 21... axb4 $11 22. axb4 Bf8 (22... Nxb4 $11 23. Ne5 Ba6) 23. Qb5 Qg6 24. h3 $1 Qd3 25. Qxd3 Rxd3 26. b5 ({Better is} 26. Ne5 $14 Nxe5 27. Bxb7) 26... Na7 27. Ne5 Rb3 $1 {[%mdl 64] Double Attack} 28. Bxb7 {And now Bd4 would win.} Rxb2 29. Ba6 g6 {[#]} 30. Nd7 (30. Nxf7 $1 $14 {[%mdl 512]} Kxf7 31. Rc7+ {[%mdl 64] Double Attack} Kf6 32. Rxa7) 30... Be7 {The position is equal.} 31. Nxb6 {Hoping for Na4.} Nxb5 32. Nc4 Rb4 33. Ne5 {Black must now prevent Nc6.} Bf6 34. Nd7 Kg7 35. Kg2 Rb2 36. Bxb5 Rxb5 {[%mdl 4096] Endgame KRB-KRN} 37. Rc7 Bd8 38. Ra7 h5 39. f4 hxg4 40. hxg4 Bf6 41. g5 Bb2 42. Rc7 e5 43. Nc5 exf4 44. exf4 Kg8 45. Kf3 Bd4 46. Ne4 Rb3+ 47. Kg4 Rb6 48. Rd7 f5+ 49. gxf6 Bxf6 50. Nxf6+ Rxf6 {KR-KR} 51. Kg5 Rf5+ 52. Kxg6 Rxf4 53. Rd8+ Rf8 54. Rxf8+ Kxf8 {Accuracy: White = 54%, Black = 61%.} 1/2-1/2